000
00198 a2200097 4500
001
1189
100
_a
Watson, H.M
245
_a
Understanding radio
260
_a
_b
Mcgrawhill
_c
090
_c
751
_d
751
942
_a
NUST-CAE
_c
M
_c
34167
999
_c
236262
_d
236262